| 000 | 00673nam a2200253Ia 4500 | ||
|---|---|---|---|
| 003 | OSt | ||
| 005 | 20221006151707.0 | ||
| 006 | a|||||r|||| 00| 0 | ||
| 007 | ta | ||
| 008 | 221006b |||||||| |||| 00| 0 eng d | ||
| 020 | _c¥1200 | ||
| 024 | _a23,029 | ||
| 037 |
_bGift, Japan Foundation _cTextual |
||
| 040 |
_aEASL _cEASL _beng |
||
| 041 |
_2eng _aeng |
||
| 082 | _aaX:5.42, K6 | ||
| 245 | 0 | _aBibliography on the new deal policy | |
| 260 |
_aTokyo _bInstitute of Social Science Japan _c1960 |
||
| 300 |
_a104p. _ccm. |
||
| 490 | _v BB | ||
| 650 | _aJEL | ||
| 942 |
_haX:5.42, K6 _cTEXL _2CC |
||
| 999 |
_c1091115 _d1091115 |
||